[Event "Heroes Day Masters"]
[Site "Bridgetown BAR"]
[Date "2011.04.28"]
[Round "1"]
[White "Hammar,B"]
[Black "Farley,T"]
[Result "0-1"]
[WhiteElo "2283"]
[BlackElo "2247"]

1.d4 d5 2.c4 dxc4 3.Nf3 c5 4.e3 Nf6 5.Bxc4 e6 6.O-O Nc6 7.Nc3 a6 8.a4 Be7
9.Qe2 cxd4 10.Rd1 O-O 11.exd4 Nb4 12.Ne5 b6 13.Bg5 Bb7 14.Rac1 Nfd5 15.Bxe7 Qxe7
16.Nxd5 Nxd5 17.Qg4 Rac8 18.Qg3 Qd6 19.Bd3 Nb4 20.Rxc8 Rxc8 21.Bf1 Rc2 22.Qb3 Bd5
23.Bc4 a5 24.Bxd5 Qxd5 25.Qxd5 Nxd5 26.Nd3 f6 27.Kf1 Kf7 28.Ke1 Rc4 29.b3 Rxd4
30.Nb2 Rxd1+ 31.Kxd1 Ke7 32.Nc4 Kd7 33.Kd2 Kc6 34.g3 Kc5 35.Kd3 Kb4 36.Nd2 e5
37.Ke4 Nc7 38.Nc4 Kxb3 39.Nxb6 Kb4 40.f4 exf4 41.gxf4 Ne6 42.f5 Nc5+ 43.Kd5 Nxa4
44.Nc4 Nc3+ 45.Kd4 a4  0-1

[Event "29th Metz Open A"]
[Site "Longeville-les-Metz FRA"]
[Date "2011.05.02"]
[Round "1.10"]
[White "Maiorov,N1"]
[Black "Donchenko,Alexa"]
[Result "1/2-1/2"]
[WhiteElo "2528"]
[BlackElo "2239"]

1.d4 d5 2.c4 dxc4 3.Nf3 a6 4.e3 Nf6 5.Bxc4 e6 6.O-O c5 7.a4 Nc6 8.Nc3 Qc7
9.d5 exd5 10.Nxd5 Nxd5 11.Qxd5 Bd6 12.Ng5 Nd8 13.Rd1 Ne6 14.Qxd6 Qxd6 15.Rxd6 Nxg5
16.b3 Be6 17.Ba3 Ne4 18.Rd3 Bxc4 19.bxc4 Rd8 20.Rad1 Rxd3 21.Rxd3 O-O 22.f3 Nf6
23.Bxc5 Rc8 24.Ba3 h6 25.Rd4 Ne8 26.Kf2 Nc7 27.Rd7 Ne6 28.Rxb7 Rxc4 29.a5 Rc2+
30.Kg3 Rc3 31.Bd6 Rxe3 32.Rb6 Nd4 33.Rxa6 Re2 34.Bc5 Ne6 35.Bd6 Nd4 36.Kh3 Kh7
37.Rb6 Nf5 38.Bc5 Ne3 39.a6 Nd5 40.Rd6 Nf4+ 41.Kg4 Ne6 42.a7 Rxg2+ 43.Kf5 Rg5+
44.Ke4 Nxc5+ 45.Ke3 Nb7 46.Ra6 Re5+ 47.Kd4 Re8 48.a8=Q Rxa8 49.Rxa8 Nd6 50.Ra4 Nf5+
51.Ke5 Ne7 52.Rc4 Ng6+ 53.Kd6 f6 54.Ke6 Ne5 55.Rc3 Ng6 56.Rc8 Nf4+ 57.Kf7 Ng6
58.Rc3 Ne5+ 59.Ke8 Ng6 60.Rb3 Nf4 61.Rb4 Nd5 62.Re4 Kg8 63.Kd7 Kf7 64.Kd6 Nc3
65.Re3 Nb5+ 66.Kc5 Nc7 67.Kc6 Ne6 68.Kd6 Nd4 69.Kd7 Nf5 70.Re4 h5 71.Rf4 Kg6
72.Ke6 Nh6 73.h4 Nf7 74.Ke7 Ne5 75.Kf8 Kh7 76.Ke8 Kg6 77.Ke7 Kh7 78.Ke6 Kg6
79.Rf5 Nc6 80.Rf4 Ne5 81.Kd5 Kf7 82.Rf5 Ng6 83.Ke4 Nxh4 84.Rxh5 Ng6 85.Ra5 Ne5
86.Ra7+ Kg6 87.f4 Ng4 88.f5+ Kh7 89.Kd5 Ne3+ 90.Ke6 Ng4 91.Ra4 Ne5 92.Rh4+ Kg8
93.Rd4 Kh7 94.Ra4 Kg8 95.Ke7 Nf3 96.Ra8+ Kh7 97.Kf7 Nd4 98.Ra5 Nc6 99.Ra1 Ne5+
100.Kf8 Nd7+ 101.Ke7 Ne5 102.Ra8 Ng4 103.Kf8 Nh6 104.Ra5 Kh8 105.Ke8 Kg8
106.Ke7 Kh7 107.Rb5 Kg8 108.Ke6 Kh8 109.Rb4 Kg8 110.Ra4 Kh8 111.Rf4 Kg8 112.Ke7 Nf7
113.Ra4 Nh6 114.Rf4 Nf7 115.Rf1 Nh6 116.Ke8 Nf7 117.Kd7 Nh6 118.Ke7 Nf7 119.Ra1 Nh6
120.Ra5 Kh7 121.Kf8 Kh8 122.Ra1 Nxf5 123.Rh1+ Nh6 124.Rg1 Nf5 125.Kf7 Kh7
126.Rh1+ Nh6+ 127.Kf8 Kh8 128.Rh2  1/2-1/2

[Event "29th Metz Open A"]
[Site "Longeville-les-Metz FRA"]
[Date "2011.05.05"]
[Round "6.2"]
[White "Gupta,Ab"]
[Black "Malakhatko,V"]
[Result "1-0"]
[WhiteElo "2604"]
[BlackElo "2546"]

1.d4 d5 2.c4 dxc4 3.Nf3 a6 4.e3 b5 5.a4 Bb7 6.b3 e6 7.bxc4 bxc4 8.Bxc4 Nf6
9.O-O c5 10.Nbd2 Nbd7 11.Nb3 Be7 12.dxc5 Nxc5 13.Qxd8+ Rxd8 14.Na5 Bxf3 15.gxf3 Rc8
16.Ba3 Bd8 17.Nb7 Nxb7 18.Bxa6 Rc7 19.Rac1 Rd7 20.Bb5 Be7 21.Bxd7+ Nxd7 22.Rc8+ Nd8
23.Bxe7 Kxe7 24.a5 Ne5 25.Rfc1 Re8 26.R1c7+ Kf8 27.a6 Nec6 28.Rd7  1-0

[Event "ch-UKR semi-final"]
[Site "Alushta UKR"]
[Date "2011.05.06"]
[Round "4.37"]
[White "Onikienko,V"]
[Black "Fingerov,D"]
[Result "0-1"]
[WhiteElo "2205"]
[BlackElo "2402"]

1.d4 d5 2.c4 dxc4 3.Nf3 c5 4.d5 e6 5.Nc3 Nf6 6.e4 b5 7.Nxb5 Qa5+ 8.Nc3 Nxe4
9.Bd2 Nxd2 10.Qxd2 Be7 11.Bxc4 Ba6 12.Qe2 exd5 13.Bxa6 Qxa6 14.Nxd5 Qxe2+
15.Kxe2 Bd6 16.Rhd1 Nd7 17.Nf6+ Nxf6 18.Rxd6 Ke7 19.Rad1 Rab8 20.R6d2 Rb6
21.Rc2 Rc8 22.b3 Rd6 23.Rdc1 Nd5 24.Rxc5 Nf4+ 25.Kf1 Rxc5 26.Rxc5 Rd1+ 27.Ne1 Rxe1+  0-1

[Event "ch-Euro Indiv Women"]
[Site "Tbilisi GEO"]
[Date "2011.05.17"]
[Round "10"]
[White "Girya,O"]
[Black "Ozturk,Ku"]
[Result "1/2-1/2"]
[WhiteElo "2394"]
[BlackElo "2262"]

1.d4 d5 2.c4 dxc4 3.Nf3 a6 4.e3 Nf6 5.Bxc4 b5 6.Bb3 Bb7 7.O-O e6 8.a4 Nbd7
9.Qe2 Be7 10.Rd1 O-O 11.Nbd2 c5 12.axb5 axb5 13.Rxa8 Qxa8 14.Qxb5 cxd4 15.exd4 Rb8
16.Qa4 Ba6 17.Bc4 Bxc4 18.Qxa8 Rxa8 19.Nxc4 Nd5 20.Kf1 f6 21.Bd2 Rb8 22.Ra1 Rb3
23.Ra7 Nb8 24.Ne3 Nc6 25.Ra8+ Kf7 26.Nxd5 exd5 27.Bc3 Rb7 28.Ke2 Na7 29.Kd3 Bd6
30.h3 Bb8 31.Ne1 Ke7 32.Kc2 Kd7 33.Nd3 Kc8 34.Nc5 Rb5 35.Na6 Nc6 36.Nxb8 Rxb8
37.Rxb8+ Kxb8 38.Kd3 Kc7 39.h4 g6 40.Bd2 Kd7 41.Bh6 Na7 42.Bf8 Nb5 43.g4 Ke6
44.Bc5 f5 45.f3 fxg4 46.fxg4 h5 47.Ke3 hxg4 48.Kf4 g3 49.Kxg3 Kf5 50.Kf3 Nc7
51.Bb6 Nb5 52.Bc5 g5 53.h5 g4+ 54.Kg3 Kg5 55.h6 Kxh6 56.Kxg4 Kg6 57.Kf4 Kf6
58.Bb6 Ke6 59.Kg5 Kd6 60.Kf6 Kc6 61.Bc5 Nc7 62.Ke5 Nb5 63.Be7 Nc7 64.Bd6 Nb5
65.Bb8 Kb7 66.Bd6 Kc6 67.Bf8 Na7 68.Ke6 Nb5 69.Bg7 Nd6 70.Bf8 Nb5 71.Bc5 Nc7+
72.Ke7 Nb5 73.Kd8 Nc7 74.Kc8 Ne6 75.Ba7 Nf4 76.Bc5 Ne6 77.Ba7 Nf4 78.Bc5 Ne6
79.Ba7 Nf4  1/2-1/2

[Event "20th Croatian Cup"]
[Site "Sibenik CRO"]
[Date "2011.05.19"]
[Round "3.24"]
[White "Loncar,R"]
[Black "Jovanic,O"]
[Result "1/2-1/2"]
[WhiteElo "2388"]
[BlackElo "2479"]

1.d4 d5 2.c4 dxc4 3.Nf3 a6 4.e3 b5 5.a4 Bb7 6.b3 e6 7.bxc4 bxc4 8.Bxc4 Nf6
9.O-O c5 10.dxc5 Qxd1 11.Rxd1 Bxc5 12.Ba3 Nbd7 13.Nbd2 Ke7 14.Rdb1 Rhb8  1/2-1/2

[Event "3rd Kahraman Olgac Memorial"]
[Site "Izmir TUR"]
[Date "2011.05.25"]
[Round "6.1.5"]
[White "Ivanov,Jo"]
[Black "Yildiz,B"]
[Result "1/2-1/2"]
[WhiteElo "2436"]
[BlackElo "2219"]

1.d4 d5 2.c4 dxc4 3.Nf3 a6 4.e3 b5 5.a4 Bb7 6.axb5 axb5 7.Rxa8 Bxa8 8.b3 e6
9.bxc4 bxc4 10.Bxc4 Nf6 11.O-O Be7 12.Qe2 O-O 13.Rd1 Nbd7 14.Nc3 Ne4 15.Nxe4 Bxe4
16.Bd3 Bxd3 17.Qxd3 Nf6 18.e4 h6 19.h3 Qa8 20.Re1 Rd8 21.Qc2  1/2-1/2

[Event "XXX Zalakaros Open"]
[Site "Zalakaros HUN"]
[Date "2011.05.27"]
[Round "8"]
[White "Pataki,G"]
[Black "Juhasz,A"]
[Result "1/2-1/2"]
[WhiteElo "2365"]
[BlackElo "2139"]

1.d4 d5 2.c4 dxc4 3.Nf3 a6 4.e3 b5 5.a4 Bb7 6.b3 e6 7.axb5 axb5 8.Rxa8 Bxa8
9.bxc4 bxc4 10.Bxc4 Nf6 11.O-O Nbd7 12.Nbd2 c5 13.Nb3 cxd4 14.Nbxd4 Bc5 15.Ng5 Qe7
16.Bb2 O-O 17.Qc2 h6 18.Ngxe6 fxe6 19.Nxe6 Kh8 20.Nxf8 Nxf8 21.Ra1 Bb7 22.Rb1 Ng4
23.Ba1 Be4 24.Bd3 Bxd3 25.Qxd3 Qh4 26.Bxg7+ Kxg7 27.Rb7+ Be7 28.Qd4+ Kg8
29.Qd5+ Kg7 30.Qd4+ Kg8 31.Qf4 Ne6 32.Qg3 Qxg3 33.hxg3 Kf7 34.Rb3 Kf6 35.Kf1 Bc5
36.Ke2  1/2-1/2

[Event "ch-KAZ 2011"]
[Site "Astana KAZ"]
[Date "2011.05.28"]
[Round "13"]
[White "Khusnutdinov,R"]
[Black "Ismagambetov,An"]
[Result "1/2-1/2"]
[WhiteElo "2508"]
[BlackElo "2500"]

1.d4 d5 2.c4 dxc4 3.Nf3 a6 4.e3 b5 5.a4 Bb7 6.b3 e6 7.axb5 axb5 8.Rxa8 Bxa8
9.bxc4 bxc4 10.Bxc4 Nf6 11.O-O Nbd7 12.Be2 Be7 13.Ba3 O-O 14.Qc1 c5 15.dxc5 Qc8
16.c6 Bxa3 17.Nxa3 Qxc6 18.Qxc6 Bxc6 19.Nd4 Bd5 20.Rc1 g6 21.Bf3  1/2-1/2

[Event "TCh-FRA Top 12 2011"]
[Site "Mulhouse FRA"]
[Date "2011.05.31"]
[Round "6"]
[White "Collas,S"]
[Black "Le Diouron,A"]
[Result "1-0"]
[WhiteElo "2315"]
[BlackElo "1981"]

1.Nf3 d5 2.d4 c5 3.c4 dxc4 4.d5 e6 5.e4 exd5 6.exd5 Nf6 7.Bxc4 Bd6 8.O-O O-O
9.Bg5 a6 10.a4 b6 11.Nc3 Nbd7 12.Ne4 Qc7 13.Nxd6 Qxd6 14.g3 Ne5 15.Bf4 Nxf3+
16.Qxf3 Qd7 17.Bg5 Ne8 18.Rfe1 Nd6 19.Bf1 Re8 20.Qb3 Ne4 21.Bf4 Bb7 22.Rad1 Qf5
23.Bg2 g5 24.Be3 b5 25.axb5 axb5 26.Qxb5 Bxd5 27.Qd3 Rad8 28.f3 Bc6 29.Qxd8 Rxd8
30.Rxd8+ Kg7 31.fxe4  1-0

[Event "TCh-SLO"]
[Site "Maribor SLO"]
[Date "2011.06.04"]
[Round "5"]
[White "Sakelsek,T"]
[Black "Novak,Ks"]
[Result "1-0"]
[WhiteElo "2413"]
[BlackElo "2101"]

1.d4 d5 2.c4 dxc4 3.Nf3 a6 4.e3 b5 5.a4 Bb7 6.b3 e6 7.bxc4 bxc4 8.Bxc4 Nf6
9.Qb3 Bxf3 10.gxf3 c5 11.dxc5 Bxc5 12.Rg1 g6 13.Bb2 Nbd7 14.Nd2 Rb8 15.Qc2 Qb6
16.Rb1 Qc7 17.Ke2 O-O 18.Bxa6 Nd5 19.Ne4 Bd6 20.Qxc7 Bxc7 21.Bb5 Bxh2 22.Rgc1 Be5
23.Ba3 Rfd8 24.f4 Bg7 25.Bxd7  1-0

[Event "TCh-SLO"]
[Site "Maribor SLO"]
[Date "2011.06.05"]
[Round "6"]
[White "Starcic,T"]
[Black "Novak,Ks"]
[Result "0-1"]
[WhiteElo "2106"]
[BlackElo "2101"]

1.d4 d5 2.c4 dxc4 3.Nf3 a6 4.e3 b5 5.a4 Bb7 6.b3 e6 7.bxc4 bxc4 8.Bxc4 Nf6
9.O-O Nbd7 10.Nbd2 Be7 11.Qe2 O-O 12.e4 c5 13.Bb2 cxd4 14.Bxd4 Nc5 15.Rfd1 Qa5
16.e5 Nd5 17.Nb3 Nxb3 18.Bxb3 Nc3 19.Bxc3 Qxc3 20.Rab1 Bxf3 21.gxf3 Rab8
22.Bc4 Rxb1 23.Rxb1 a5 24.Bb5 Rd8 25.Qe3 Qc2 26.Rc1 Qf5 27.f4 g6 28.Be2 Bb4
29.Rd1 Rc8 30.Rc1 Rxc1+ 31.Qxc1 Qe4 32.Qe3 Qc2 33.Bb5 Bd2 34.Qd4 Qd1+ 35.Kg2 Qg4+
36.Kf1 Qxf4 37.Qxf4 Bxf4 38.h3 Bxe5 39.Kg2 Kg7 40.Bd7 Bc3 41.Bc8 Kf6 42.Bd7 Ke5
43.Be8 f5 44.Bb5 Kd4 45.Be8 e5 46.Bf7 Ke4 47.Bg8 h6 48.Bh7 g5 49.Bg6 Kf4
50.f3 g4 51.fxg4 fxg4 52.hxg4 Kxg4 53.Kf2 h5 54.Be4 h4 55.Bc6 Kf4 56.Bd7 e4
57.Ke2 e3 58.Bb5 h3 59.Bc6 Bd4 60.Bd5 Kg3 61.Kf1 Kh2 62.Bc4 Kg3 63.Bd5 Bc5
64.Bc6 Kf4 65.Bd7 h2 66.Bc6 Ke5 67.Ke2 Kd4 68.Bf3 Kc3 69.Bc6 Kb4 70.Kd3 Kb3
71.Ke2 h1=Q 72.Bxh1 Kxa4 73.Kd1 Ka3 74.Kc2 Be7 75.Bf3 a4 76.Kd3 Bg5 77.Kc3 Ka2
78.Kc2 Bh4 79.Kd3 Bf2 80.Kc2 Ka3 81.Kc3 Be1+ 82.Kd3 Bd2 83.Kc2 Kb4 84.Be2 a3
85.Bg4 Bc3 86.Kb1 Bb2 87.Kc2 Be5 88.Be6 Bc3 89.Kd3 Bd2 90.Bf7 Kc5 91.Bg8 Kd6
92.Bf7 Ke5 93.Bb3 Kf4 94.Bd5 Bc1 95.Ke2 Ke5 96.Bf7 Kd4 97.Kd1 Kc3 98.Be6 Kb2
99.Bc4 Bd2 100.Ke2 a2  0-1

[Event "TCh-BUL GpA Men"]
[Site "Albena BUL"]
[Date "2011.06.06"]
[Round "5.1"]
[White "Jovchev,A"]
[Black "Kozhuharov,S"]
[Result "1/2-1/2"]
[WhiteElo "2282"]
[BlackElo "2436"]

1.d4 d5 2.c4 dxc4 3.Nf3 a6 4.e3 Nf6 5.Bxc4 e6 6.O-O b5 7.Be2 Bb7 8.a4 b4
9.Ne5 c5 10.Bf3 Qc7 11.Nd2 Nbd7 12.Ndc4 Nxe5 13.Bxb7 Neg4 14.Ne5 Qxb7 15.Nxg4 Rd8
16.Nxf6+ gxf6 17.b3 Rg8 18.g3 cxd4 19.exd4 Qd5 20.Qe2 Qxb3 21.Qxa6 Bd6 22.Bd2 Qd5
23.Qb5+ Ke7 24.Bxb4 Qxb5 25.Bxd6+ Rxd6 26.axb5 Rxd4 27.Ra7+ Rd7 28.b6 Rb8
29.Rd1 Rbb7 30.Kg2 f5  1/2-1/2

[Event "3rd Orissa Open"]
[Site "Bhubaneswar IND"]
[Date "2011.06.06"]
[Round "11"]
[White "Lalith,B"]
[Black "Murali Krishnan,B"]
[Result "1/2-1/2"]
[WhiteElo "2491"]
[BlackElo "2363"]

1.Nf3 d5 2.d4 c5 3.c4 dxc4 4.d5 Nf6 5.Nc3 e6 6.e4 exd5 7.e5 Nfd7 8.Qxd5 Nb6
9.Qe4 Be7 10.Bxc4 Nxc4 11.Qxc4 Nc6 12.O-O Be6 13.Qe4 O-O 14.Be3 Qc8 15.Rfd1 Bf5
16.Qf4 Bg4 17.Nd5 b6 18.h3 Bxf3 19.Qxf3 Bd8 20.Qg3 Qf5 21.f4 f6 22.Rf1 Rf7
23.Rad1 Rc8 24.exf6 Bxf6 25.Nxf6+ Rxf6  1/2-1/2

[Event "TCh-SLO"]
[Site "Lasko SLO"]
[Date "2011.06.12"]
[Round "9"]
[White "Kozul,Z"]
[Black "Mikac,M"]
[Result "1/2-1/2"]
[WhiteElo "2555"]
[BlackElo "2386"]

1.d4 d5 2.c4 dxc4 3.Nf3 a6 4.a4 Nf6 5.Nc3 e6 6.e4 Bb4 7.e5 Nd5 8.Bd2 Nc6
9.Bxc4 Nb6 10.Bb3 Nxd4 11.a5 Nxb3 12.Qxb3 Bxc3 13.bxc3 Qd5 14.Qb4 Nc4 15.Rd1 c5
16.Qb1 Nxe5 17.Be3 Nxf3+ 18.gxf3 Qxf3 19.Rg1 Bd7 20.Rg3 Qh1+ 21.Kd2 Qc6 22.Rxg7 O-O-O
23.Kc1 Qf3 24.Qb6 Bc6 25.Rdg1 Rhe8 26.Qxc5 Rd5 27.Qb4 Rb5 28.Qf4 Qxf4 29.Bxf4 Rxa5
30.R1g5 Rxg5 31.Bxg5 Be4 32.Rxf7 Bg6 33.Rg7 Rf8 34.Be3 Rf7 35.Rxf7 Bxf7 36.Kb2 Kd7
37.h4 Kc6 38.Bd4 Kd5 39.Bb6 e5 40.Bc7 e4 41.Bb6 Kc6 42.Bd8 Kb5 43.Bc7 a5
44.Bd8 a4 45.Bf6 Kc4 46.Be5 b5 47.Bd6 Kd3 48.Bc5 Ke2  1/2-1/2

[Event "4th Karen Asrian Memorial"]
[Site "Jermuk ARM"]
[Date "2011.06.22"]
[Round "7"]
[White "Eranyan,K"]
[Black "Minasyan,A"]
[Result "1-0"]
[WhiteElo "2115"]
[BlackElo "2189"]

1.d4 d5 2.c4 dxc4 3.Nf3 a6 4.a4 Nf6 5.e3 Bg4 6.Bxc4 e6 7.Nc3 Nc6 8.O-O Bd6
9.Be2 O-O 10.Kh1 Qe8 11.e4 Rd8 12.e5 Bxe5 13.Nxe5 Nxe5 14.Bxg4 Nexg4 15.h3 Ne5
16.Bg5 Nc6 17.Bxf6 gxf6 18.Qh5 Rxd4 19.Rfd1 Rf4 20.Qh6 Rf5 21.Ne4 Qe7 22.Ra3 Ne5
23.g4 Qb4 24.Re3 Rf3 25.g5 Kh8 26.Nxf6 Rxf6 27.gxf6 Rg8 28.Rd8  1-0

[Event "Kheireddine Ameyar Memorial"]
[Site "Tipaza ALG"]
[Date "2011.06.26"]
[Round "3"]
[White "Savchenko,S"]
[Black "Latreche,K"]
[Result "1-0"]
[WhiteElo "2508"]
[BlackElo "1887"]

1.Nf3 d5 2.d4 c5 3.c4 dxc4 4.d5 e6 5.Nc3 exd5 6.Qxd5 Qxd5 7.Nxd5 Bd6 8.Nd2 Ne7
9.Nxc4 Nxd5 10.Nxd6+ Kd7 11.Nxc8 Rxc8 12.Bg5 f6 13.O-O-O Kc6 14.g3 Nb4 15.Be3 Nxa2+
16.Kb1 Nb4 17.Bxc5 N8a6 18.Be3 Nc5 19.Bg2+ Kb5 20.Bxc5 Rxc5 21.Rd7 Nc6 22.Rxb7+ Ka6
23.Rxg7 Rb8 24.Rc7 Kb6 25.Rxc6+ Rxc6 26.Bxc6 Kxc6 27.Rd1 Re8 28.e3 Re5 29.Rd4  1-0

[Event "Open ch-SVK A"]
[Site "Banska Stiavnica SVK"]
[Date "2011.07.14"]
[Round "6"]
[White "Aczel,G"]
[Black "Gonda,L"]
[Result "0-1"]
[WhiteElo "2470"]
[BlackElo "2512"]

1.d4 d5 2.c4 dxc4 3.Nf3 a6 4.e3 Bg4 5.Bxc4 e6 6.Nc3 Nc6 7.h3 Bh5 8.Be2 Nf6
9.O-O Bd6 10.e4 Bxf3 11.Bxf3 Nxd4 12.Be3 Be5 13.Bxd4 Qxd4 14.Qxd4 Bxd4 15.e5 Bxe5
16.Bxb7 Rb8 17.Bxa6 Rxb2 18.Rab1 Rxb1 19.Nxb1 Ke7 20.a4 Ra8 21.Bb5 Nd5 22.Re1 Bd6
23.Re2 c6 24.Bc4 Rxa4 25.Ba2 Rd4 26.Rd2 Re4 27.Kf1 Bb4 28.Rd1 c5 29.Rc1 Kd6
30.f3 Rd4 31.Kf2 h5 32.Bb3 h4 33.Rc2 Rd1 34.Rb2 Rc1 35.Nd2 Bxd2 36.Rxd2 c4
37.Ba4 Kc5 38.Rb2 Nb4 39.Ke3 c3 40.Re2 Ra1  0-1

[Event "Stara Pazova-Ilindan GM"]
[Site "Stara Pazova SRB"]
[Date "2011.08.03"]
[Round "6.3"]
[White "Indjic,D"]
[Black "Dizdarevic,E"]
[Result "0-1"]
[WhiteElo "2279"]
[BlackElo "2481"]

1.d4 d5 2.c4 dxc4 3.Nf3 a6 4.e3 Nf6 5.a4 b6 6.Bxc4 e6 7.O-O Bb7 8.Nc3 Nbd7
9.Qe2 Bb4 10.Rd1 O-O 11.d5 exd5 12.Nxd5 Bd6 13.b3 Nxd5 14.Bxd5 Bxd5 15.Rxd5 Nc5
16.Qd1 Qf6 17.Rb1 Rad8 18.Kf1 Be7 19.Bb2 Qg6 20.Rc1 Nd3 21.Qxd3 Qxd3+ 22.Rxd3 Rxd3
23.Nd4 Bb4 24.Rxc7 Rd1+  0-1

[Event "9th Davos Open"]
[Site "Davos SUI"]
[Date "2011.08.08"]
[Round "2.12"]
[White "James,Dav"]
[Black "Bischofberger,Dario"]
[Result "1-0"]
[WhiteElo "2142"]
[BlackElo "1754"]

1.Nf3 d5 2.d4 c5 3.c4 dxc4 4.d5 Nf6 5.Nc3 e6 6.e4 Be7 7.d6 Bf8 8.e5 Nfd7
9.Bxc4 f6 10.Nb5 Na6 11.exf6 Nxf6 12.O-O Bd7 13.Ng5 Qb6 14.a4 O-O-O 15.a5 Qc6
16.Nxa7+  1-0

[Event "7th Gazi-Heraklion Open"]
[Site "Heraklion GER"]
[Date "2011.08.09"]
[Round "5"]
[White "Kharitonov,Alexandr"]
[Black "Mirzoev,A"]
[Result "1/2-1/2"]
[WhiteElo "2539"]
[BlackElo "2415"]

1.d4 d5 2.c4 dxc4 3.Nf3 a6 4.e3 b5 5.a4 Bb7 6.b3 e6 7.bxc4 bxc4 8.Bxc4 Nf6
9.O-O c5 10.Ba3 Nbd7 11.Nbd2 cxd4 12.Bxf8 Nxf8 13.Nxd4 Ng6 14.Rb1 Bd5 15.Qe2 Bxc4
16.Nxc4 Nd5  1/2-1/2

[Event "Split Open"]
[Site "Split CRO"]
[Date "2011.08.11"]
[Round "7.2"]
[White "Kuljasevic,D"]
[Black "Doric,D"]
[Result "1/2-1/2"]
[WhiteElo "2555"]
[BlackElo "2491"]

1.d4 d5 2.c4 dxc4 3.Nf3 a6 4.e3 b5 5.a4 Bb7 6.b3 e6 7.bxc4 bxc4 8.Bxc4 Nf6
9.Nbd2 Nbd7 10.Rb1 Ra7 11.O-O Be7 12.Qe2 c5 13.Bb2 O-O 14.Rfc1 h6 15.Bd3 Re8
16.e4 Bc6 17.Nb3 Bxa4 18.Nxc5 Nxc5 19.dxc5 Qa8 20.Ne5 Nd7 21.Nxd7 Bxd7 22.Bd4 Bc6
23.f3  1/2-1/2

[Event "XX TCh-MKD"]
[Site "Struga MKD"]
[Date "2011.08.12"]
[Round "5"]
[White "Gjorgjieski,D"]
[Black "Kizov,A"]
[Result "1/2-1/2"]
[WhiteElo "2237"]
[BlackElo "2393"]

1.d4 d5 2.c4 dxc4 3.Nf3 c5 4.e4 cxd4 5.Qxd4 Qxd4 6.Nxd4 Bd7 7.Bxc4 Nc6 8.Be3 Nf6
9.Nxc6 Bxc6 10.f3 e6 11.Nd2 Bd6 12.Be2 Nd7 13.Nb3 Ke7 14.Rc1 Rhc8 15.O-O a5
16.Nd4 Bc5 17.Rfd1 b6 18.Kf2 Bb7 19.Bb5 Ne5 20.a4 f6 21.Ne2 Bxe3+ 22.Kxe3 g5
23.Nd4 Rxc1 24.Rxc1 Rc8 25.Rxc8 Bxc8 26.g3 Kd6 27.Be2 Nd7 28.Bc4 Nc5 29.b3 e5
30.Nf5+ Bxf5 31.exf5 h6 32.h3 Nb7 33.h4 Kc5 34.hxg5 hxg5 35.Be6 Kb4 36.f4 exf4+
37.gxf4 gxf4+ 38.Kxf4 Nc5 39.Kg4 Nxb3 40.Kh5 Nd4 41.Kg6 Kxa4 42.Kxf6 b5 43.Ke5 Nxf5
44.Bxf5 Ka3 45.Kd4 b4 46.Kc4 a4 47.Bd7 b3 48.Kc3 b2 49.Bf5 Ka2 50.Kb4 a3
51.Bg6 b1=Q+ 52.Bxb1+ Kxb1 53.Kxa3  1/2-1/2

[Event "27th Geraadsbergen Open"]
[Site "Geraadsbergen BEL"]
[Date "2011.08.13"]
[Round "5.11"]
[White "Jansen,Ru"]
[Black "Denys,F"]
[Result "1/2-1/2"]
[WhiteElo "2166"]
[BlackElo "1867"]

1.d4 d5 2.c4 dxc4 3.Nf3 c5 4.e3 cxd4 5.exd4 Be6 6.Nc3 Nf6 7.Bg5 Bd5 8.Ne5 e6
9.Nxc4 Be7 10.Ne3 O-O 11.Be2 Nc6 12.O-O Rc8 13.Rc1 Qa5 14.Qd2 Rfd8 15.Nc2  1/2-1/2

[Event "26th Universiade Women"]
[Site "Shenzhen CHN"]
[Date "2011.08.19"]
[Round "8"]
[White "Huang Qian"]
[Black "Yildiz,B"]
[Result "1/2-1/2"]
[WhiteElo "2404"]
[BlackElo "2282"]

1.d4 d5 2.Nf3 c5 3.c4 dxc4 4.e3 cxd4 5.Bxc4 Qc7 6.Qb3 e6 7.exd4 Nf6 8.O-O Nc6
9.Nc3 a6 10.Qd1 Be7 11.Qe2 O-O 12.Bg5 b5 13.Bb3 Na5 14.Bc2 Bb7 15.Rac1 Qd6
16.Rfd1 Nc4 17.Bb1 Nb6 18.Ne5 b4 19.Bxf6 Bxf6 20.Ne4 Qe7 21.Qc2 g6 22.Qc7 Bxe4
23.Qxe7 Bxe7 24.Bxe4 Rac8 25.Nc6 Bd6 26.g3 Rfe8 27.Bd3 Rc7 28.Rc2 Ra8 29.Nxb4 Rxc2
30.Nxc2 Na4 31.b3 Nc3 32.Ra1 a5 33.a4 Be7 34.Bc4 Bf6 35.Kg2 Rd8 36.Rc1 Rc8
37.Ra1 Rd8 38.Rc1 Rc8 39.Ra1  1/2-1/2

[Event "BDO Challengers"]
[Site "Haarlem NED"]
[Date "2011.08.20"]
[Round "1.1"]
[White "Gijswijt,B"]
[Black "Slingerland,F"]
[Result "1-0"]
[WhiteElo "2341"]
[BlackElo "2390"]

1.d4 d5 2.c4 dxc4 3.Nf3 a6 4.e4 b5 5.a4 Bb7 6.Nc3 b4 7.Bxc4 e6 8.Qb3 Nc6
9.a5 Nxd4 10.Nxd4 Qxd4 11.Be3 Qd7 12.f3 Nf6 13.Na4 Rb8 14.O-O Bd6 15.Nc5 Qc8
16.Rfd1 Bxc5 17.Bxc5 Bc6 18.Bxb4 Bb5 19.Rac1 c5 20.Bxb5+ Rxb5 21.Qc3 O-O
22.Bxc5 Re8 23.Rd6 Qb7 24.Rb6 Rxb6 25.Bxb6 h6 26.Qc7 Qxc7 27.Rxc7 Ra8 28.Kf2 Ne8
29.Rc6 Nf6 30.Bd4 Kf8 31.Ke3 h5 32.h4 Ke7 33.Rc7+ Nd7 34.Bxg7 Kd6 35.Rc2 e5
36.f4 f6 37.Rd2+ Ke6 38.f5+ Ke7 39.Kf3 Rb8 40.g4 Rb3+ 41.Kg2 Nc5 42.g5 Nxe4
43.Re2 Kf7 44.Bh6 Nd6 45.g6+ Ke7 46.Rf2 e4 47.Re2 Rb4 48.g7 Rb8 49.Bf4 Rg8
50.Bxd6+ Kxd6 51.Rxe4 Rxg7+ 52.Kf3 Kc5 53.Re6 Rf7 54.Rb6 Rf8 55.Ke4 Re8+
56.Re6 Rf8 57.Rxa6 Kb5 58.Rd6 Kxa5 59.Kd5 Kb5 60.Ke6 Kc5 61.Rd7 Rb8 62.Kxf6 Rxb2
63.Kg5 Kc6 64.Rd3 Rf2 65.f6 Kc7 66.Rd4 Rf1 67.Kg6 Kc6 68.f7 Kc7 69.Rd5  1-0

[Event "20th TCh-CRO 1a"]
[Site "Sibenik CRO"]
[Date "2011.10.10"]
[Round "7.3"]
[White "Sokolov,Ivan"]
[Black "Gonda,L"]
[Result "0-1"]
[WhiteElo "2673"]
[BlackElo "2520"]

1.d4 d5 2.c4 dxc4 3.Nf3 a6 4.e3 Bg4 5.Bxc4 e6 6.Nc3 Nc6 7.h3 Bh5 8.g4 Bg6
9.h4 h5 10.g5 Bb4 11.a3 Bxc3+ 12.bxc3 Nge7 13.Qe2 Be4 14.Rg1 Na5 15.Ba2 b5
16.Ne5 c5 17.Bd2 g6 18.a4 Nec6 19.Nd3 cxd4 20.cxd4 O-O 21.Nc5 Bd5 22.Bxa5 Qxa5+
23.Qd2 Qc7 24.f4 Bxa2 25.Rxa2 e5 26.d5 Rad8 27.Ne4 exf4 28.Nf6+ Kh8 29.Rc2 fxe3
30.Qc3 b4 31.Qb2 Qf4 32.Rxc6 Qxh4+ 33.Kd1 e2+ 34.Kd2 Qf4+ 35.Kc2 b3+ 36.Kb1 Qf5+
37.Ka1 Rc8 38.Nxh5+ f6 39.Rxf6 Rxf6 40.Nxf6 Qf1+ 41.Qb1 b2+ 42.Ka2 Qxb1+
43.Rxb1 Rc1 44.Rxb2 e1=Q 45.Rh2+ Kg7 46.Rh7+ Kf8 47.Rh8+ Ke7 48.Re8+ Kd6
49.Rxe1 Rxe1 50.Kb3 Kc5  0-1

[Event "26th Le Touquet Open"]
[Site "Le Touquet FRA"]
[Date "2011.10.22"]
[Round "1.7"]
[White "Payen,Ar"]
[Black "De Bonnieres,P"]
[Result "1/2-1/2"]
[WhiteElo "2341"]
[BlackElo "1990"]

1.d4 d5 2.c4 dxc4 3.Nf3 c5 4.e3 Nf6 5.Bxc4 e6 6.O-O cxd4 7.exd4 Be7 8.Nc3 Nc6
9.a3 O-O 10.Bg5 Nd5 11.Bxd5 Bxg5 12.Bxc6 bxc6 13.Ne4 Be7 14.Rc1 Rb8 15.Qd2 Ba6
16.Rfe1 Qb6 17.Ne5 Qxb2 18.Nxc6 Bxa3 19.Rc2 Qb6 20.Nxb8 Rxb8 21.Nc3 Bb7 22.Rb1 Bb4
23.d5 a5 24.Qc1 h6 25.dxe6 Qxe6 26.f3 Re8 27.Kh1 Ba6 28.Qd1 Qf5 29.Ne4 Bb7
30.Ng3 Qf6 31.Qd7 Re7 32.Qd8+ Kh7 33.Qd3+ Kg8 34.Ne4 Bxe4 35.fxe4 Qe5 36.Rc4 Re6
37.Rf1 Rd6 38.Qb3 Qe6 39.e5 Rd2 40.h3 Qxe5 41.Rc8+ Kh7 42.Qb1+ f5 43.Rxf5 Rd1+
44.Qxd1 Qxf5 45.Rc4 Qe6 46.Qd3+ Qg6 47.Qf1 Qe6 48.Rc1 Qe4 49.Rd1 h5 50.Qg1 Qe5
51.Qb6 Qe2 52.Qd8 Qe5 53.Qd3+ Kh6 54.Qc2 g6 55.Qc1+ Qg5 56.Qa1 Qe7 57.Qh8+ Qh7
58.Qe5 Qe7 59.Qh8+ Qh7 60.Qb8 Qe7 61.Qf4+ Qg5 62.Qc4 Qc5 63.Qf7 Qe7 64.Qa2 Qe5
65.Qc2 Qf4 66.Qb2 Qf7 67.Qc1+ Kh7 68.Rf1 Qe7 69.Qc4 Kh6 70.Qd5 Qe2 71.Rd1 Qe7
72.Qc4 Qe5 73.Qc1+ Qg5 74.Qb2 Qe7 75.Qf2 Qe5 76.h4 Qe4 77.Kh2 Qg4 78.Rd4 Qf5
79.Qe3+ Kh7 80.Rd8 Qf7 81.Qd4 Qc7+ 82.Kh3 Qc3+ 83.Qxc3 Bxc3 84.Rd7+ Kh6 85.Ra7 Bd2
86.g3 Bb4 87.Ra6 Kg7 88.Kg2 Kf7 89.Kf3 Kg7 90.Ke4 Be1 91.Kf4 Bd2+ 92.Ke5 Bc3+
93.Ke6 Be1 94.Ra7+ Kh6 95.Kf7 Bxg3 96.Ra6 Bxh4 97.Rxg6+ Kh7 98.Rg1 Kh6 99.Rg6+ Kh7
100.Re6 Bg3 101.Ra6 Be1 102.Re6 Bg3 103.Ra6 Be1  1/2-1/2

[Event "TCh-BEL 2011-12"]
[Site "Belgium BEL"]
[Date "2011.10.23"]
[Round "2.1"]
[White "Vaganian,R"]
[Black "Guliyev,N"]
[Result "1/2-1/2"]
[WhiteElo "2577"]
[BlackElo "2554"]

1.d4 d5 2.c4 dxc4 3.Nf3 a6 4.a4 Nf6 5.e3 e6 6.Bxc4 c5 7.O-O Nc6 8.dxc5 Qxd1
9.Rxd1 Bxc5 10.Nbd2 Ke7 11.b3 Rd8 12.Bb2 b6 13.Be2 Bb7 14.Nc4 Rxd1+ 15.Rxd1 b5
16.Ncd2 bxa4 17.bxa4 Rc8 18.Nb3 Bb4 19.Ne1 Nb8 20.Nd3 Bd6 21.Na5 Bd5 22.Nf4 Bxf4
23.exf4 Rc2 24.Ba3+ Ke8 25.Bf1 Ra2 26.Bd6 Rxa4 27.Bxb8 Rxa5 28.Be5 Ke7 29.Rb1 Ra4
30.Rb6 Bc4 31.Bxc4 Rxc4 32.g3 a5 33.Rb7+ Nd7 34.Bxg7 a4 35.Kg2 Kd6 36.Be5+ Nxe5
37.fxe5+ Kc5 38.Rxf7 a3 39.Ra7 Kb4 40.f4 Rc5 41.f5 Rxe5 42.f6 Rf5 43.Rb7+ Kc3
44.Ra7 Kb2 45.Rb7+ Ka2 46.f7 e5 47.g4 Rf6 48.h4 e4 49.g5 Rf5 50.Kg3 e3 51.Re7 Kb2
52.Rxe3 Rxf7 53.Re2+ Kb1 54.Re1+ Kc2 55.Re2+ Kd3 56.Ra2 Ra7 57.Kg4 Kc3 58.g6 hxg6
59.Kg5 Ra6 60.Rxa3+ Rxa3 61.Kxg6 Kd4 62.h5 Rg3+ 63.Kf6 Rh3 64.Kg6 Ke5 65.h6 Ke6
66.Kg7 Rg3+ 67.Kf8 Rf3+ 68.Kg7 Rf7+ 69.Kg6 Rf1 70.Kg7 Rg1+ 71.Kf8 Kf6 72.h7 Rh1
73.Kg8 Rg1+ 74.Kf8 Rh1  1/2-1/2